Strzelcy bramek w 25 kolejce Premier League w sezonie 20/21. - Statystyki

Ogólne statystyki
  • Ten quiz został rozwiązany 17 razy
  • Średni wynik to 12 z 20
Statystyki odpowiedzi
Mecz Piłkarz % Poprawnych
Manchester United - Newcastle 3:1 Fernandes
81%
Manchester United - Newcastle 1:0 Rashford
81%
Liverpool - Everton 0:1 Richarlison
81%
Manchester United - Newcastle 2:1 James
75%
Aston Villa - Leicester 0:2 Barnes
69%
Southampton - Chelsea 1:0 Minamino
69%
Southampton - Chelsea 1:1 Mount
69%
Arsenal - Manchester City 0:1 Sterling
69%
West Ham - Tottenham 1:0 Antonio
63%
West Ham - Tottenham 2:0 Lingard
63%
Aston Villa - Leicester 0:1 Maddison
56%
Liverpool - Everton 0:2 Sigurdsson
56%
Brighton - Crystal Palace 1:2 Benteke
50%
Fulham - Sheffield United 1:0 Lookman
50%
West Ham - Tottenham 2:1 Lucas
50%
Manchester United - Newcastle 1:1 Saint-Maximin
50%
Wolves - Leeds 1:0 (Bramka samobójcza) Meslier
44%
Aston Villa - Leicester 1:2 Traore
44%
Brighton - Crystal Palace 0:1 Mateta
25%
Brighton - Crystal Palace 1:1 Veltman
25%
Nie znaleziono quizów pasujących do podanych kryteriów
Rozkład punktacji
Procent ludzi z każdym wynikiem
Percentyl według liczby udzielonych odpowiedzi
Twoja historia wyników
Nie rozwiązałeś tego quizu